Hoàn thiện pháp luật Việt Nam về đăng ký giao dịch bảo đảm trong hoạt động cho vay của ngân hàng thương mại Luận văn thạc sĩ Luật kinh tế. Ngành: Luật kinh tế. Mã ngành: 60380107

Gorde:
Xehetasun bibliografikoak
Egile nagusia: Trịnh, Tiến Nam
Egile korporatiboa: Ủy ban Nhân dân tỉnh Trà Vinh, Trường Đại học Trà Vinh
Beste egile batzuk: Trịnh Tiến Nam; Nguyễn Văn Tráng
Hizkuntza:Undetermined
Argitaratua: Trà Vinh Trường Đại học Trà Vinh 2018
Gaiak:
Etiketak: Etiketa erantsi
Etiketarik gabe, Izan zaitez lehena erregistro honi etiketa jartzen!
Thư viện lưu trữ: Trung tâm Học liệu Trường Đại học Trà Vinh
LEADER 01094nam a2200277Ia 4500
001 TVU_26522
008 210423s9999 xx 000 0 und d
041 |a Vie 
082 |a 346.597 
082 |b N104 
100 |a Trịnh, Tiến Nam 
245 0 |a Hoàn thiện pháp luật Việt Nam về đăng ký giao dịch bảo đảm trong hoạt động cho vay của ngân hàng thương mại 
245 0 |b Luận văn thạc sĩ Luật kinh tế. Ngành: Luật kinh tế. Mã ngành: 60380107 
245 0 |c Trịnh Tiến Nam ; Nguyễn Văn Tráng (hướng dẫn khoa học) 
260 |a Trà Vinh 
260 |b Trường Đại học Trà Vinh 
260 |c 2018 
300 |a vii, 89 tr. 
300 |c 27 cm 
504 |a Thư mục: tr.84-89 
650 |a Ngân hàng và nghiệp vụ ngân hàng; Luật ngân hàng 
700 |a Trịnh Tiến Nam; Nguyễn Văn Tráng  
700 |e người hướng dẫn khoa học 
710 |a Ủy ban Nhân dân tỉnh Trà Vinh 
710 |b Trường Đại học Trà Vinh 
980 |a Trung tâm Học liệu Trường Đại học Trà Vinh